High temperature technology
Tallennettuna:
| Yhteisötekijä: | |
|---|---|
| Aineistotyyppi: | Kirja |
| Kieli: | englanti |
| Julkaistu: |
Nueva York
McGraw-Hill
1960
|
| Aiheet: | |
| Tagit: |
Lisää tagi
Ei tageja, Lisää ensimmäinen tagi!
|
MARC
| LEADER | 00000nam a2200000 a 4500 | ||
|---|---|---|---|
| 001 | UCU3720 | ||
| 003 | CL-VaPUC | ||
| 005 | 20201111001144.0 | ||
| 008 | 960510e19600000us 1 eng d | ||
| 082 | 0 | 4 | |a 536.57 |b STA |2 21 |
| 110 | 2 | |a Stanford Research Institute |e author |9 617705 | |
| 245 | 1 | 0 | |a High temperature technology |
| 260 | |a Nueva York |b McGraw-Hill |c 1960 | ||
| 300 | |a 348 p | ||
| 583 | |a last modification |c 19960510 00:00:00 |k Rodrigo Vera | ||
| 650 | 0 | 7 | |a TEMPERATURA |2 CL-VaPUC |9 617706 |
| 650 | 0 | 0 | |a Termodinámica |9 259320 |
| 650 | 0 | 7 | |a TEMPERATURAS ALTAS |2 CL-VaPUC |9 427695 |
| 650 | 0 | 7 | |a CALORMETRIA |2 CL-VaPUC |9 360733 |
| 650 | 0 | 7 | |a CONTROL DE LA TEMPERATURA |2 CL-VaPUC |9 315847 |
| 942 | |c BK | ||
| 945 | |a paguirre |d 19960510 00:00:00 | ||
| 546 | |a En Inglés | ||
| 518 | |p International Symposium on High Temperature Technology, California, 6 al 9 de Octubre de 1959 | ||
| 999 | |c 382600 |d 382598 | ||
| 952 | |0 0 |1 0 |4 0 |6 536_570000000000000_STA_1960 |7 0 |8 A |9 504382 |a BIBING |b BIBING |d 2020-01-23 |i 1656538 |o 536.57 STA 1960 |p 1656538 |r 2025-01-20 |w 2020-01-23 |y BK |k EIQ | ||